000 00532nam a2200193Ia 4500
008 151119s9999||||xx |||||||||||||| ||und||
082 _a823.91
082 _bGKKV20893
100 _aतोरडमल मधुकर
245 _aसमज आणि उमज
260 _a--
260 _b--
260 _c2002
600 _aतोरडमल मधुकर
630 _aसमज आणि उमज
700 _aतोरडमल मधुकर
730 _aसमज आणि उमज
942 _cBOOK
999 _c1073747
_d1073744